000 00651nam a2200277Ia 4500
005 20260324135558.0
008 008 260324s9999 xx 000 0 eng d
020 _a9780203431795
037 _aEBOOK
040 _aCRL
040 _beng
040 _cCRL
041 _2eng
041 _aeng
084 _qCRL
100 _aSuzanne Said; Monique Trede
_91201120
245 2 _aA Short History of Greek Literature
260 _bTaylor and Francis
260 _c2000
365 _a
365 _b230
856 _uhttp://www.taylorfrancis.com/books/9780203431795
942 _cEBOOK
999 _c1802352
_d1802352